NA CZYM MOŻNA JEŹDZIĆ PO OŚNIEŻONEJ GÓRCE? - Statystyki

Ogólne statystyki
  • Ten quiz został rozwiązany 20 razy
  • Średni wynik to 3 z 5
Statystyki odpowiedzi
Odpowiedź % Poprawnych
SANKACH
93%
NARTACH
79%
SNOWBOARDZIE
71%
JABŁUSZKU
57%
WORKU
36%
Nie znaleziono quizów pasujących do podanych kryteriów
Rozkład punktacji
Procent ludzi z każdym wynikiem
Percentyl według liczby udzielonych odpowiedzi
Twoja historia wyników
Nie rozwiązałeś tego quizu